Central Library OPAC University of Rajshahi

Questiones supra libros Prime philosophie Aristotelis (Metaphysica I, II, V-X) / (Record no. 57806)

MARC details
000 -LEADER
fixed length control field 00918nam a2200253 a 4500
001 - CONTROL NUMBER
control field 57806
003 - CONTROL NUMBER IDENTIFIER
rucl marc code BD-RjUL
005 - DATE AND TIME OF LATEST TRANSACTION
control field 20211209080544.0
008 - FIXED-LENGTH DATA ELEMENTS--GENERAL INFORMATION
fixed length control field 161212s1930 enk b 000 0 lat d
035 ## - SYSTEM CONTROL NUMBER
System control number (BD-RjUL)57930
040 ## - CATALOGING SOURCE
Original cataloging agency BD-RjUL
Language of cataloging eng
Transcribing agency BD-RjUL
041 0# - LANGUAGE CODE
Language code of text/sound track or separate title lateng
082 ## - DEWEY DECIMAL CLASSIFICATION NUMBER
Classification number 189.4
Author mark and year BAQ 1930
Edition number 23
100 1# - MAIN ENTRY--PERSONAL NAME
Personal name Bacon, Roger,
Dates associated with a name 1214?-1294.
9 (RLIN) 171663
245 10 - TITLE STATEMENT
Title Questiones supra libros Prime philosophie Aristotelis (Metaphysica I, II, V-X) /
Statement of responsibility, etc. nunc primum edidit Robert Steele ; collaborante Ferdinand M. Delorme.
260 ## - PUBLICATION, DISTRIBUTION, ETC. (IMPRINT)
Place of publication, distribution, etc. Oxonii :
Name of publisher, distributor, etc. E Typographeo Clarendoniano,
Date of publication, distribution, etc. 1930.
300 ## - PHYSICAL DESCRIPTION
Pagination xxxii, 360 p. ;
Size 22 cm.
490 1# - SERIES STATEMENT
Series statement Opera hactenus inedita Rogeri Baconi ;
Volume/sequential designation fasc. 10
600 00 - SUBJECT ADDED ENTRY--PERSONAL NAME
Personal name Aristotle.
Title of a work Metaphysics.
650 #0 - SUBJECT ADDED ENTRY--TOPICAL TERM
Topical term or geographic name as entry element Metaphysics
Form subdivision Early works to 1800.
9 (RLIN) 171665
700 1# - ADDED ENTRY--PERSONAL NAME
Personal name Delorme, Ferdinand M.
Personal name Steele, Robert,
Dates associated with a name 1860-1944.
942 ## - ADDED ENTRY ELEMENTS (KOHA)
Source of classification or shelving scheme Dewey Decimal Classification
Koha item type Books
Holdings
Lost status Source of classification or shelving scheme Damaged status Not for loan Collection code Permanent Location Current Location Shelving location Date acquired Source of acquisition Cost, normal purchase price Total Checkouts Full call number Date last seen Copy number Koha item type
  Dewey Decimal Classification   Not For Loan Non-fiction Central Library, University of Rajshahi Central Library, University of Rajshahi Reading Room 01/11/1955 O.U.P 238.14   189.4 BAQ 1930 12/12/2016 C-1 Books